| 000 | 00963nas a2200313 4500 | ||
|---|---|---|---|
| 001 | BR0703064 | ||
| 003 | BR-BrBNA | ||
| 005 | 20231205110841.0 | ||
| 007 | ta | ||
| 008 | 230509b bl.|||p| |||| 00| 00por d | ||
| 040 |
_aBR-BrBNA _bpor _cBiblioteca Nacional de Agricultura |
||
| 041 | _a(Pt) | ||
| 072 | _aF02 | ||
| 100 | 1 | _aFranco, D. | |
| 100 | 1 | _aOliveira, I.V. de M. | |
| 100 | 1 | _aCavalcante, Í.H.L. | |
| 100 | 1 | _aCerri, P.E. | |
| 100 | 1 | _aMartins, A.B.G. | |
| 245 | 1 | _aEstaquia como processo de clonagem do bacuripari (Redhia gardneriana Miers ex Planch e Triana) | |
| 650 | _aBACURI PARI | ||
| 650 | _aPROPAGAÇÃO VEGETATIVA | ||
| 650 | _aCLONE | ||
| 650 | _aREGULADOR DE CRESCIMENTO | ||
| 650 | _aESTACA | ||
| 650 | _aMATERIAL DE PROPAGAÇÃO | ||
| 773 | 0 |
_tRevista Brasileira de Fruticultura (Brazil) _xISSN 0100-2945 _g(Apr 2007), v. 29(1) p. 176-178 _wBR0703064 |
|
| 909 |
_a202311 _bLúcia _c55 _dLúcia Elande |
||
| 942 |
_2AGRIS _n0 _cANA |
||
| 999 |
_c189416 _d189416 |
||